Islamic views towards contemporary approach on environmental issues /
Saved in:
| 主要作者: | |
|---|---|
| 格式: | Thesis 图书 |
| 语言: | English |
| 出版: |
2007.
|
| 主题: | |
| 标签: |
添加标签
没有标签, 成为第一个标记此记录!
|
| LEADER | 01043cam a2200253 a 4500 | ||
|---|---|---|---|
| 001 | u763837 | ||
| 003 | SIRSI | ||
| 005 | 200901051542 | ||
| 008 | 090105s2007 my t 000 0 eng m | ||
| 040 | |a UMM | ||
| 090 | |a Q175 |b UM 2007 Noraa | ||
| 100 | 0 | |a Nor Aishah Abdullah. | |
| 245 | 1 | 0 | |a Islamic views towards contemporary approach on environmental issues / |c by Nor Aishah Abdullah. |
| 260 | |c 2007. | ||
| 300 | |a v, 99 leaves : |b ill. (some col.), map ; |c 30 cm. | ||
| 502 | |a Dissertation (M.Sc. (Hist.Phil.Sc.)) -- Jabatan Pengajian Sains dan Teknologi, Fakulti Sains, Universiti Malaya, 2008. | ||
| 504 | |a Bibliography: leaves 92-99. | ||
| 596 | |a 1 | ||
| 650 | 0 | |a Environmental ethics |x Religious aspects |x Islam. | |
| 650 | 0 | |a Environmental protection |x Religious aspects |x Islam. | |
| 650 | 0 | |a Nature conservation |x Philosophy. | |
| 710 | 2 | |a Universiti Malaya. |b Jabatan Pengajian Sains dan Teknologi. | |
| 900 | |a FH-ZA | ||
| 999 | |a Q175 UM 2007 NORAA |w LC |c 1 |i A513451886 |d 1/4/2015 |e 1/4/2015 |f 1/10/2009 |g 1 |l STACKS |m P01UTAMA |n 8 |r Y |s Y |t TESIS |u 1/7/2009 | ||
